Statistics for Ghana Trivia

Click here to take the quiz!

General Stats

  • This quiz has been taken 5 times
  • The average score is 6 of 15

Answer Stats

HintAnswer% Correct
1. Ghanas capital?Accra
100%
2.Ghanas Currency?Cedi
80%
10. True or False was Ghana the first sub-saharan country to gain its independence? | 4. True or False Ghana is Africas most peaceful country?True
60%
9. What is Ghanas national sport?Football
60%
12. What Country colonised ghana in the 20th century?United Kingdom
60%
13. What coulers are in the ghanain flag?Red, Black, Yellow And Green
60%
11. What countries border Ghana?Ivory Coast, Burkino Faso, Togo
40%
7. What are the major languages in Ghana?English, Akan, Ewe
20%
15. Can you find adders in Ghana?Yes
20%
3. Ghanas Population?25.5 Milion
0%
5. What is the life expectancy for men in Ghana?64 years old
0%
6. What is the life expectancy for women in Ghana?66 years old
0%
8. How long is Lake Volta in miles?250 Miles
0%
14. What was the star adopted from?African Communities League
0%

Score Distribution

Percentile by Number Answered

Percent of People with Each Score

Your Score History

You have not taken this quiz